000 00468nam a22001697a 4500
005 20180601151545.0
008 180601b xxu||||| |||| 00| 0 eng d
022 0 _a0972-172X
082 _a620.12
245 1 0 _aJournal of the indian academy of wood sience
260 _aNew Delhi
_bSpringer India
300 _av.
_c28 cm.
310 _aHalf-Yearly
650 0 _aWood Science
_vPeriodicals.
776 0 8 _a.
942 _2ddc
_cSR
_s1
_mJOU
_h620.12
999 _c152495
_d152495